000 01337nam a2200301 4500
003 NUST
005 20260604105613.0
008 260430b |||||||| |||| 00| 0 eng d
040 _aNUST
_beng
_cNUST
_dNUST
_erda
050 _aLB1028.3 MPO
100 _aMpofu, Nozipho S.
_eauthor.
245 _aExamining the management of student information at Marist Brothers secondary school, Dete /
_cby Nozipho S Mpofu.
260 _aBulawayo, Zimbabwe :
_bNational University of Science and Technology ,
_c©2024.
300 _axiii, 82 pages :
_cillustrations ;
_b30 cm.
336 _2rdacontent
_atext
_btxt
337 _2rdamedia
_aunmediated
_bn
338 _2rdacarrier
_avolume
_bnc
500 _aA research project proposal submitted to the National University of Science and Technology in partial fulfilment of the Master of Science degree in Records and Archives Management.
501 _00Masters
504 _aIncludes bibliographical references.
650 _aStudent records
_xManagement.
650 _aEducation
_xData processing.
650 _aSecondary schools
_xAdministration
_zZimbabwe.
650 _aInformation storage and retrieval systems in education.
650 _aMarist Brothers Secondary School (Dete, Zimbabwe).
700 _aDr Adock Dube.
_esupervisor.
942 _2lcc
_n0
_c3HOUR
_hLB1028.3
_kLB
_mMPO
999 _c172818
_d172818